| 000 | 01013nam0a22002531 4500 | ||
|---|---|---|---|
| 001 | rc\192958 | ||
| 005 | 20030307113753.6 | ||
| 010 |
_a5-8428-0039-X _91500 |
||
| 035 | _a(NLR Aleph) 005448541 | ||
| 090 |
_a4832566 _c4832567 |
||
| 100 | _a20030307d1994 u |0rusy50 ca | ||
| 101 | 0 | _arus | |
| 102 | _aRU | ||
| 105 | _aa ||||||||| | ||
| 200 | 1 |
_aРОССИЙСКОЕ сознание _eПсихология, феноменология, культура _eМежвуз. сб. науч. тр. _fМ-во образования России. Сам. гос. пед. ин-т _g[Редкол.: к. психол. н., доц. Г.В. Акопов и др.] |
|
| 210 |
_aСамара _cИзд-во СамГПИ _d1994 |
||
| 215 |
_a300 с. _cсхем. _d20 |
||
| 702 | 1 |
_aАкопов _bГ. В. _gГарник Владимирович _4340 |
|
| 712 | 0 | 2 |
_aСамарский пед. ин-т _3RU\NLR\AUTH\8812413 |
| 801 | 0 |
_aRU _bNLR _gpsbo |
|
| 801 | 1 |
_aRU _bELAR _2rusmarc |
|
| 852 |
_aNLR _j95-3/6375 |
||
| 942 | _cBOOK | ||
| 980 | _aNB | ||